[Event "DEM U18w 2005"]
[Site "Willingen GER"]
[Date "2005.05.17"]
[Round "5"]
[White "Katte, Isabel"]
[Black "Großmann, Susan"]
[Result "0-1"]
[Termination "normal"]
[Board "5"]
[WhiteElo "1944"]
[BlackElo "2026"]
[PlyCount "76"]
[WhiteFideId "24612987"]
[BlackFideId "24608220"]
[EventCountry "GER"]
[EventRounds "9"]
[EventType "swiss"]
[EventDate "2005.05.15"]

1. e4 d6 2. d4 Nf6 3. Nc3 g6 4. Be3 c6 5. h3 Nbd7 6. Qd2 b5 7. O-O-O b4 8. Nb1
Nxe4 9. Qxb4 Ndf6 10. Bd3 Nd5 11. Qe1 Nxe3 12. fxe3 Nf6 13. e4 Rb8 14. Qc3 Qb6
15. Nd2 Ba6 16. Nb3 Bxd3 17. Qxd3 Bg7 18. g4 O-O 19. Ne2 a5 20. Nc3 Nd7 21. h4
c5 22. Nd5 Qd8 23. dxc5 Nxc5 24. Qc4 Nxb3+ 25. axb3 e6 26. Nc3 Qf6 27. Rdf1 Qe5
28. Rh3 Rfc8 29. Qd3 h6 30. Qf3 Rc7 31. Qd3 Rbc8 32. Rff3 Qc5 33. Qe3 Qb4 34.
Qd2 Bxc3 35. bxc3 Qxe4 36. Qxh6 a4 37. bxa4 Qe1+ 38. Kb2 Rb8+ 0-1

[Event "DEM U18w 2005"]
[Site "Willingen GER"]
[Date "2005.05.17"]
[Round "5"]
[White "Dietzen, Corinna"]
[Black "Kirsch, Nicola"]
[Result "1-0"]
[Termination "normal"]
[Board "6"]
[WhiteElo "1895"]
[BlackElo "1988"]
[PlyCount "67"]
[WhiteFideId "24621021"]
[BlackFideId "4694287"]
[EventCountry "GER"]
[EventRounds "9"]
[EventType "swiss"]
[EventDate "2005.05.15"]

1. c4 e5 2. Nc3 Nf6 3. g3 c6 4. Nf3 e4 5. Nd4 d5 6. cxd5 cxd5 7. Bg2 Nc6 8.
Nxc6 bxc6 9. O-O Bc5 10. d3 exd3 11. Qxd3 h6 12. Bf4 O-O 13. Rac1 Bb6 14. Na4
Bd7 15. Nc5 Bxc5 16. Rxc5 Qb6 17. Rc2 Rfe8 18. Be3 Qb7 19. Rfc1 Rac8 20. b3 Ng4
21. Bd4 Ne5 22. Qc3 f6 23. e4 a6 24. exd5 cxd5 25. Qa5 Rxc2 26. Rxc2 Be6 27.
Bb2 Re7 28. Rd2 Rd7 29. Qc5 Qc6 30. Qe3 Qc7 31. f4 Re7 32. fxe5 fxe5 33. Qxe5
Qc5+ 34. Qd4 1-0

[Event "DEM U18w 2005"]
[Site "Willingen GER"]
[Date "2005.05.17"]
[Round "5"]
[White "Rüdel, Anita"]
[Black "Wetterling, Maria"]
[Result "1/2-1/2"]
[Termination "normal"]
[Board "7"]
[WhiteElo "1628"]
[BlackElo "1988"]
[PlyCount "51"]
[BlackFideId "24624292"]
[EventCountry "GER"]
[EventRounds "9"]
[EventType "swiss"]
[EventDate "2005.05.15"]

1. e4 e6 2. d4 d5 3. Nd2 c5 4. exd5 Qxd5 5. Ngf3 Nc6 6. Bc4 Qd8 7. O-O Nf6 8.
Nb3 cxd4 9. Nbxd4 Nxd4 10. Qxd4 Qxd4 11. Nxd4 Bd7 12. Bf4 Rc8 13. Bb3 Bc5 14.
Nf3 O-O 15. Rad1 Bb5 16. Rfe1 Ng4 17. Bg3 a5 18. a4 Ba6 19. h3 Nf6 20. Ng5 Rc6
21. Ne4 Nxe4 22. Rxe4 Rcc8 23. Be5 Rfd8 24. Ree1 b6 25. c3 Kf8 26. h4 1/2-1/2

[Event "DEM U18w 2005"]
[Site "Willingen GER"]
[Date "2005.05.17"]
[Round "5"]
[White "Hofmann, Annett"]
[Black "Reh, Theresa"]
[Result "1-0"]
[Termination "normal"]
[Board "8"]
[WhiteElo "1978"]
[BlackElo "1800"]
[PlyCount "59"]
[WhiteFideId "24603759"]
[EventCountry "GER"]
[EventRounds "9"]
[EventType "swiss"]
[EventDate "2005.05.15"]

1. e4 c5 2. Nf3 Nc6 3. d4 cxd4 4. Nxd4 e5 5. Nb5 d6 6. N1c3 a6 7. Na3 b5 8. Nd5
Nf6 9. Bg5 Be7 10. Bxf6 Bxf6 11. c3 Bg5 12. Nc2 O-O 13. a4 bxa4 14. Rxa4 a5 15.
Bc4 Rb8 16. Ra2 Kh8 17. Nce3 g6 18. h4 Bxe3 19. Nxe3 Ne7 20. h5 g5 21. g4 h6
22. b3 Qc7 23. Rd2 Be6 24. Rxd6 Rfd8 25. Rxd8+ Rxd8 26. Qf3 Kg7 27. Qe2 Bxc4
28. Qxc4 Qd6 29. O-O Rc8 30. Qxc8 1-0

[Event "DEM U18w 2005"]
[Site "Willingen GER"]
[Date "2005.05.17"]
[Round "5"]
[White "Rath, Alina"]
[Black "Salden, Franziska"]
[Result "0-1"]
[Termination "normal"]
[Board "9"]
[WhiteElo "1726"]
[BlackElo "2021"]
[PlyCount "56"]
[WhiteFideId "24607886"]
[BlackFideId "24601268"]
[EventCountry "GER"]
[EventRounds "9"]
[EventType "swiss"]
[EventDate "2005.05.15"]

1. c4 e5 2. g3 g6 3. Bg2 Bg7 4. e4 Ne7 5. Ne2 d6 6. d3 f5 7. Nbc3 O-O 8. O-O
Nd7 9. f4 Nf6 10. h3 c6 11. Kh2 Be6 12. b3 Qd7 13. Qc2 c5 14. Rb1 Rae8 15. Be3
Nc6 16. Qd2 Nd4 17. Nd5 Kh8 18. Nec3 Rf7 19. Rbe1 Ref8 20. fxe5 dxe5 21. Bh6
Nh5 22. Bxg7+ Kxg7 23. exf5 Rxf5 24. Rxf5 Rxf5 25. g4 Nf3+ 26. Bxf3 Rxf3 27.
gxh5 Rxh3+ 28. Kg2 Bxd5+ 0-1

[Event "DEM U18w 2005"]
[Site "Willingen GER"]
[Date "2005.05.17"]
[Round "5"]
[White "Seeger, Franziska"]
[Black "Chin, Karin"]
[Result "1-0"]
[Termination "normal"]
[Board "10"]
[WhiteElo "2073"]
[BlackElo "1991"]
[PlyCount "101"]
[WhiteFideId "4690982"]
[BlackFideId "24608157"]
[EventCountry "GER"]
[EventRounds "9"]
[EventType "swiss"]
[EventDate "2005.05.15"]

1. e4 c5 2. Nf3 Nc6 3. d4 cxd4 4. Nxd4 g6 5. Nc3 Bg7 6. Be3 Nf6 7. Bc4 d6 8. h3
Qa5 9. O-O O-O 10. Bb3 Bd7 11. f4 Nxd4 12. Bxd4 Qh5 13. Qd3 Bc6 14. Rae1 Qa5
15. Nd5 Bxd5 16. exd5 Rfe8 17. c3 Rac8 18. Re2 b5 19. Rfe1 Kf8 20. Kh1 a6 21.
g4 Qc7 22. f5 Qd7 23. Qf3 Kg8 24. Bc2 Rb8 25. h4 Rbc8 26. h5 g5 27. h6 Bxh6 28.
Qh3 Bg7 29. Qe3 h6 30. Qf3 Qb7 31. Bb3 Qd7 32. Rh2 Kf8 33. Kg2 Qb7 34. Reh1
Red8 35. Re1 Rd7 36. Reh1 Rdd8 37. Rxh6 Bxh6 38. Rxh6 Kg7 39. Rh5 Rg8 40. Rxg5+
Kf8 41. Rxg8+ Nxg8 42. g5 f6 43. Qh5 fxg5 44. Qh7 Ke8 45. Qxg8+ Kd7 46. Qe6+
Kd8 47. f6 exf6 48. Qxd6+ Qd7 49. Bxf6+ Ke8 50. Qe6+ Qxe6 51. dxe6 1-0

[Event "DEM U18w 2005"]
[Site "Willingen GER"]
[Date "2005.05.17"]
[Round "5"]
[White "Kohm, Vanessa"]
[Black "Wirths, Clara"]
[Result "0-1"]
[Termination "normal"]
[Board "11"]
[WhiteElo "1501"]
[BlackElo "1841"]
[PlyCount "76"]
[WhiteFideId "4674472"]
[BlackFideId "24632597"]
[EventCountry "GER"]
[EventRounds "9"]
[EventType "swiss"]
[EventDate "2005.05.15"]

1. e4 e5 2. Nf3 Nf6 3. Nxe5 d6 4. Nf3 Nxe4 5. d4 d5 6. Bd3 Bd6 7. O-O Bg4 8.
Re1 f5 9. c4 O-O 10. cxd5 Bb4 11. Re3 c5 12. dxc6 Nxc6 13. Qb3+ Kh8 14. d5 Bxf3
15. Rxf3 Ne5 16. Qxb4 Nxf3+ 17. gxf3 Qxd5 18. Qa3 Rad8 19. Bc2 Rf6 20. Bf4 Qc4
21. Qe7 Rg6+ 22. Bg3 Rc8 23. Na3 Qe2 24. fxe4 f4 25. Qxb7 Rf8 26. Qb4 Rgf6 27.
Qe1 Qg4 28. Qd1 Qg5 29. Qd5 Qh6 30. Qd4 Qh3 31. Qd3 fxg3 32. Qxg3 Rg6 33. Rd1
Rxg3+ 34. hxg3 Qg4 35. Rd2 h5 36. e5 h4 37. Rd3 h3 38. f4 Qe2 0-1

[Event "DEM U18w 2005"]
[Site "Willingen GER"]
[Date "2005.05.17"]
[Round "5"]
[White "Hammerich, Nadine"]
[Black "Stemmler, Lysan"]
[Result "0-1"]
[Termination "normal"]
[Board "12"]
[WhiteElo "1543"]
[BlackElo "1754"]
[PlyCount "84"]
[BlackFideId "24622451"]
[EventCountry "GER"]
[EventRounds "9"]
[EventType "swiss"]
[EventDate "2005.05.15"]

1. d4 Nf6 2. c4 g6 3. Nc3 Bg7 4. Nf3 d6 5. Bg5 h6 6. Bh4 O-O 7. e4 g5 8. Bg3
Nh5 9. Be2 e6 10. O-O f5 11. exf5 exf5 12. h3 Nxg3 13. fxg3 Nd7 14. Qd2 Nf6 15.
d5 Nh5 16. Kh2 f4 17. gxf4 gxf4 18. Nd4 Qh4 19. Bxh5 Qxh5 20. Rxf4 Be5 21. Raf1
Rxf4 22. Rxf4 Qh4 23. Nce2 Qf2 24. Kh1 Bxf4 25. Qxf4 Qxf4 26. Nxf4 Bd7 27. Nde6
c6 28. dxc6 bxc6 29. b3 Bxe6 30. Nxe6 d5 31. Nc7 Rd8 32. Ne6 Rd6 33. cxd5 cxd5
34. Nd4 Ra6 35. a4 Rb6 36. Nb5 a6 37. Nc7 d4 38. Kg1 a5 39. Nb5 d3 40. Kf2 Re6
41. Nc3 d2 42. g4 Re1 0-1

[Event "DEM U18w 2005"]
[Site "Willingen GER"]
[Date "2005.05.17"]
[Round "5"]
[White "Dubel, Natali"]
[Black "Janiesch, Maike"]
[Result "1/2-1/2"]
[Termination "normal"]
[Board "13"]
[WhiteElo "1400"]
[BlackElo "1499"]
[PlyCount "40"]
[WhiteFideId "24642185"]
[EventCountry "GER"]
[EventRounds "9"]
[EventType "swiss"]
[EventDate "2005.05.15"]

1. d4 d5 2. c4 e6 3. Nf3 Nf6 4. g3 Be7 5. Bg2 O-O 6. O-O Nbd7 7. Qc2 b6 8. Bg5
Bb7 9. Nbd2 c5 10. cxd5 Nxd5 11. Bxe7 Qxe7 12. dxc5 Nxc5 13. a3 Rac8 14. Rac1
Rc7 15. Ne4 Nxe4 16. Qxe4 Rfc8 17. Rxc7 Qxc7 18. e3 Qc2 19. Qxc2 Rxc2 20. Rb1
h6 1/2-1/2

[Event "DEM U18w 2005"]
[Site "Willingen GER"]
[Date "2005.05.19"]
[Round "7"]
[White "Dietzen, Corinna"]
[Black "Romakin, Helene"]
[Result "1-0"]
[Termination "normal"]
[Board "1"]
[WhiteElo "1895"]
[BlackElo "2013"]
[PlyCount "79"]
[WhiteFideId "24621021"]
[BlackFideId "24605964"]
[EventCountry "GER"]
[EventRounds "9"]
[EventType "swiss"]
[EventDate "2005.05.15"]

1. Nf3 c5 2. c4 d6 3. Nc3 g6 4. g3 Bg7 5. Bg2 Nc6 6. d3 e5 7. O-O Nge7 8. Rb1
O-O 9. Ne1 Be6 10. Nd5 Rb8 11. f4 Qd7 12. e4 f5 13. Nxe7+ Nxe7 14. Nf3 fxe4 15.
dxe4 Bxc4 16. Re1 Bxa2 17. Ra1 Be6 18. fxe5 dxe5 19. Be3 Qb5 20. Qd6 Bg4 21.
Nxe5 Bxe5 22. Qxe5 Nc6 23. Qxc5 Qxb2 24. Qc4+ Kh8 25. Ra2 Qf6 26. Rf2 Be6 27.
Qc5 Qg7 28. Ref1 Rxf2 29. Rxf2 Rd8 30. Bg5 Rd1+ 31. Bf1 Kg8 32. Bf6 Qd7 33. Bb2
Bf7 34. Ba3 Qe8 35. Qc2 Qd7 36. e5 Nxe5 37. Qc5 Qe8 38. Re2 Rd5 39. Qxa7 Qc8
40. Qf2 1-0

[Event "DEM U18w 2005"]
[Site "Willingen GER"]
[Date "2005.05.19"]
[Round "7"]
[White "Krege, Sandra"]
[Black "Hoolt, Sarah"]
[Result "1/2-1/2"]
[Termination "normal"]
[Board "2"]
[WhiteElo "1988"]
[BlackElo "2050"]
[PlyCount "98"]
[WhiteFideId "4680910"]
[BlackFideId "24606812"]
[EventCountry "GER"]
[EventRounds "9"]
[EventType "swiss"]
[EventDate "2005.05.15"]

1. e4 e6 2. d4 d5 3. Nc3 Bb4 4. Nge2 dxe4 5. a3 Bxc3+ 6. Nxc3 b6 7. Nxe4 Bb7 8.
Bd3 Ne7 9. c3 Nbc6 10. Qe2 Qd7 11. O-O O-O-O 12. Ba6 e5 13. dxe5 Nxe5 14. Bxb7+
Kxb7 15. Nc5+ bxc5 16. Qxe5 Qd6 17. Qe4+ Nc6 18. Be3 Rhe8 19. Qa4 Ne5 20. Qb5+
Qb6 21. Qxc5 Qxc5 22. Bxc5 Nd3 23. Bd4 f6 24. Rfd1 Nf4 25. Kf1 Rd7 26. g3 Ng6
27. Re1 Red8 28. Re2 Ne7 29. Rae1 Nc6 30. Be3 Ne5 31. Kg2 Nd3 32. Rb1 c5 33. b3
Kc6 34. c4 g5 35. b4 Rb8 36. b5+ Kb6 37. Bd2 Ne5 38. Bc3 Nxc4 39. Bxf6 Nxa3 40.
Ra1 Nxb5 41. Bxg5 Rc8 42. f4 c4 43. f5 c3 44. Rc2 Rc4 45. Rf1 Nd6 46. h3 h5 47.
Rf3 Ne4 48. Bc1 Rg7 49. Bf4 Kb5 1/2-1/2

[Event "DEM U18w 2005"]
[Site "Willingen GER"]
[Date "2005.05.19"]
[Round "7"]
[White "Busse, Nadine"]
[Black "Gussakovski, Jana"]
[Result "1-0"]
[Termination "normal"]
[Board "3"]
[WhiteElo "1710"]
[BlackElo "2080"]
[PlyCount "99"]
[WhiteFideId "24632023"]
[BlackFideId "14112868"]
[EventCountry "GER"]
[EventRounds "9"]
[EventType "swiss"]
[EventDate "2005.05.15"]

1. e4 c5 2. Nf3 e6 3. d4 cxd4 4. Nxd4 Nf6 5. Nc3 Bb4 6. e5 Nd5 7. Qg4 Kf8 8.
Bd2 Bxc3 9. bxc3 d6 10. Qg3 dxe5 11. Qxe5 Qc7 12. Qxc7 Nxc7 13. Bf4 Ne8 14.
O-O-O f6 15. Nxe6+ Bxe6 16. Rd8 Ke7 17. Rxb8 Rxb8 18. Bxb8 Nd6 19. Bxa7 Ra8 20.
Bc5 Rxa2 21. Kb1 b6 22. Bb4 Kd7 23. Bd3 Kc6 24. Bxh7 Ra7 25. Rd1 Nc4 26. Bg6
Ne5 27. Rd6+ Kc7 28. Rxe6 Nxg6 29. f4 Ra8 30. f5 Nh4 31. Re7+ Kc6 32. Rxg7 Nxf5
33. Rf7 Ne3 34. Rxf6+ Kb5 35. Rg6 Rd8 36. g3 Rd1+ 37. Kb2 Rd2 38. h4 Rxc2+ 39.
Kb3 Rg2 40. c4+ Ka6 41. c5 Nd5 42. c6 Kb5 43. Bc3 Rf2 44. Be5 Rf3+ 45. Kb2 Rf2+
46. Kc1 Ne3 47. c7 Rc2+ 48. Kb1 Ka4 49. Rg8 Kb4 50. c8=Q 1-0

[Event "DEM U18w 2005"]
[Site "Willingen GER"]
[Date "2005.05.19"]
[Round "7"]
[White "Seeger, Franziska"]
[Black "Großmann, Susan"]
[Result "1/2-1/2"]
[Termination "normal"]
[Board "4"]
[WhiteElo "2073"]
[BlackElo "2026"]
[PlyCount "104"]
[WhiteFideId "4690982"]
[BlackFideId "24608220"]
[EventCountry "GER"]
[EventRounds "9"]
[EventType "swiss"]
[EventDate "2005.05.15"]

1. e4 d6 2. d4 Nf6 3. Nc3 g6 4. f4 Bg7 5. Bd3 O-O 6. Nf3 Nc6 7. O-O Bg4 8. Be3
e5 9. dxe5 dxe5 10. h3 exf4 11. Bxf4 Bxf3 12. Qxf3 Nh5 13. Bh2 Nd4 14. Qg4 c6
15. Kh1 Nf6 16. Qh4 Nd7 17. Qf2 Ne5 18. Rad1 Ne6 19. Ne2 Qa5 20. a3 Rad8 21.
Nf4 Nxf4 22. Bxf4 Nxd3 23. Rxd3 f5 24. b4 Qb5 25. Rxd8 Rxd8 26. exf5 Qxf5 27.
Qe2 Rf8 28. Rf3 Qd5 29. c4 Qd4 30. Qe6+ Kh8 31. Be5 Qd8 32. Bxg7+ Kxg7 33. Qe5+
Kg8 34. Qe6+ Kg7 35. Qe5+ Kg8 36. Qe6+ Kg7 37. Qe5+ Rf6 38. Rxf6 Qxf6 39. Qb8
Qf7 40. Qxa7 Qf1+ 41. Kh2 Qf4+ 42. Kg1 Qxc4 43. Qxb7+ Kh6 44. Qa7 Qc1+ 45. Kh2
Qf4+ 46. Kg1 Qc1+ 47. Kf2 Qd2+ 48. Kf3 Qd5+ 49. Kf2 Qd2+ 50. Kg3 Qg5+ 51. Kh2
Qe5+ 52. Kh1 Qe1+ 1/2-1/2

[Event "DEM U18w 2005"]
[Site "Willingen GER"]
[Date "2005.05.19"]
[Round "7"]
[White "Kirsch, Nicola"]
[Black "Wirths, Clara"]
[Result "0-1"]
[Termination "normal"]
[Board "6"]
[WhiteElo "1988"]
[BlackElo "1841"]
[PlyCount "70"]
[WhiteFideId "4694287"]
[BlackFideId "24632597"]
[EventCountry "GER"]
[EventRounds "9"]
[EventType "swiss"]
[EventDate "2005.05.15"]

1. e4 c5 2. Nc3 Nc6 3. d3 e6 4. g3 g6 5. Bg2 Bg7 6. f4 Nge7 7. Be3 d6 8. Nf3
Rb8 9. O-O Nd4 10. Qd2 O-O 11. Qf2 Nec6 12. Rae1 Qa5 13. Nh4 b5 14. Nd1 b4 15.
c3 bxc3 16. bxc3 Nb5 17. e5 Bd7 18. c4 Nc3 19. exd6 Nxd1 20. Rxd1 Rb2 21. Rd2
Rfb8 22. Nf3 Bc3 23. Rc2 Qxa2 24. Rfc1 R8b3 25. Bxc5 Nb4 26. Bxb4 Rxb4 27. Rxb2
Rxb2 28. Qf1 Bb4 29. c5 Bc6 30. Nh4 Bd2 31. Ra1 Be3+ 32. Kh1 Rxg2 33. Nxg2
Bxg2+ 34. Qxg2 Qxa1+ 35. Qg1 Qxg1# 0-1

[Event "DEM U18w 2005"]
[Site "Willingen GER"]
[Date "2005.05.19"]
[Round "7"]
[White "Butschek, Tanja"]
[Black "Stemmler, Lysan"]
[Result "1-0"]
[Termination "normal"]
[Board "7"]
[WhiteElo "2025"]
[BlackElo "1754"]
[PlyCount "39"]
[WhiteFideId "24604640"]
[BlackFideId "24622451"]
[EventCountry "GER"]
[EventRounds "9"]
[EventType "swiss"]
[EventDate "2005.05.15"]

1. e4 d6 2. d4 Nf6 3. Nc3 g6 4. f4 Bg7 5. Nf3 O-O 6. Be2 c5 7. dxc5 Qa5 8. Bd2
Qxc5 9. Bd3 Bd7 10. Qe2 Bc6 11. h3 Nbd7 12. O-O-O Rfc8 13. g4 b5 14. Be3 Qb4
15. Nd4 Nc5 16. Nxc6 Rxc6 17. e5 Nfd7 18. Nd5 Nxd3+ 19. Qxd3 Qc4 20. Nxe7+ 1-0

[Event "DEM U18w 2005"]
[Site "Willingen GER"]
[Date "2005.05.19"]
[Round "7"]
[White "Dauer, Christina"]
[Black "Wetterling, Maria"]
[Result "1-0"]
[Termination "normal"]
[Board "8"]
[WhiteElo "1645"]
[BlackElo "1988"]
[PlyCount "69"]
[WhiteFideId "24609781"]
[BlackFideId "24624292"]
[EventCountry "GER"]
[EventRounds "9"]
[EventType "swiss"]
[EventDate "2005.05.15"]

1. e4 e6 2. d4 d5 3. e5 c5 4. c3 Nc6 5. Nf3 Qb6 6. a3 Nh6 7. b4 cxd4 8. cxd4
Nf5 9. Bb2 Bd7 10. Be2 Be7 11. O-O O-O 12. Qd3 Rac8 13. Nbd2 a6 14. g4 Nh4 15.
Nxh4 Bxh4 16. Qh3 Nxd4 17. Bd3 g5 18. Qe3 Ne2+ 19. Qxe2 a5 20. Nf3 axb4 21.
axb4 Qxb4 22. Nxh4 gxh4 23. Ba3 Qf4 24. Bxf8 Rxf8 25. h3 d4 26. Qe4 Qxe4 27.
Bxe4 Bb5 28. Rfd1 Rd8 29. Bxb7 d3 30. Be4 Rd4 31. f3 Bc4 32. Ra3 d2 33. Kf2 Rd7
34. Ke3 Rc7 35. Rxd2 1-0

[Event "DEM U18w 2005"]
[Site "Willingen GER"]
[Date "2005.05.19"]
[Round "7"]
[White "Katte, Isabel"]
[Black "Reh, Theresa"]
[Result "1-0"]
[Termination "normal"]
[Board "9"]
[WhiteElo "1944"]
[BlackElo "1800"]
[PlyCount "51"]
[WhiteFideId "24612987"]
[EventCountry "GER"]
[EventRounds "9"]
[EventType "swiss"]
[EventDate "2005.05.15"]

1. e4 c5 2. Nc3 Nc6 3. f4 g6 4. Nf3 Bg7 5. Bb5 Nd4 6. a4 a6 7. Bc4 e6 8. e5 d5
9. exd6 Qxd6 10. d3 b6 11. Ne4 Qc7 12. c3 Nxf3+ 13. Qxf3 Bb7 14. Nd6+ Qxd6 15.
Qxb7 Rb8 16. Qxa6 Nf6 17. O-O O-O 18. Bd2 Nd5 19. Bxd5 Qxd5 20. Qb5 Rfd8 21.
Rf3 Rd6 22. Be1 Ra8 23. Bg3 Ra5 24. Qe8+ Bf8 25. f5 Rd8 26. fxg6 1-0

[Event "DEM U18w 2005"]
[Site "Willingen GER"]
[Date "2005.05.19"]
[Round "7"]
[White "Rüdel, Anita"]
[Black "Salden, Franziska"]
[Result "0-1"]
[Termination "normal"]
[Board "10"]
[WhiteElo "1628"]
[BlackElo "2021"]
[PlyCount "108"]
[BlackFideId "24601268"]
[EventCountry "GER"]
[EventRounds "9"]
[EventType "swiss"]
[EventDate "2005.05.15"]

1. e4 e6 2. d4 d5 3. Nd2 Nf6 4. exd5 exd5 5. Bd3 Bd6 6. Ngf3 Bg4 7. O-O O-O 8.
c3 Re8 9. Qc2 Nbd7 10. b3 Bxf3 11. Nxf3 Ne4 12. Re1 Ndf6 13. Bg5 Nxg5 14. Rxe8+
Nxe8 15. Nxg5 Qxg5 16. Bxh7+ Kh8 17. Bd3 Nf6 18. Re1 Qh4 19. g3 Qh6 20. Qe2 g6
21. Qf3 Kg7 22. Rd1 Re8 23. c4 dxc4 24. bxc4 Qh5 25. Qxh5 Nxh5 26. c5 Bf8 27.
Rb1 b6 28. cxb6 axb6 29. Bb5 Rd8 30. Rc1 c5 31. dxc5 Bxc5 32. Rc2 Nf6 33. Kf1
Ne4 34. f3 Ng5 35. f4 Ne6 36. Ke1 Nd4 37. Rb2 Ba3 38. Rb1 Bc5 39. Kf1 Nxb5 40.
Rxb5 Rd2 41. a4 Ra2 42. a5 Rxa5 43. Rxa5 bxa5 44. Ke2 a4 45. Kd3 a3 46. Kc3 Kh6
47. g4 f5 48. h3 Be3 49. Kb3 fxg4 50. hxg4 Bxf4 51. Kxa3 Kg5 52. Kb3 Kxg4 53.
Kc3 g5 54. Kd3 Kf3 0-1

[Event "DEM U18w 2005"]
[Site "Willingen GER"]
[Date "2005.05.19"]
[Round "7"]
[White "Rath, Alina"]
[Black "Kohm, Vanessa"]
[Result "1-0"]
[Termination "normal"]
[Board "12"]
[WhiteElo "1726"]
[BlackElo "1501"]
[PlyCount "53"]
[WhiteFideId "24607886"]
[BlackFideId "4674472"]
[EventCountry "GER"]
[EventRounds "9"]
[EventType "swiss"]
[EventDate "2005.05.15"]

1. c4 c6 2. d4 d5 3. e3 Nf6 4. Nc3 g6 5. Bd3 Bg7 6. f4 O-O 7. Nf3 Bg4 8. h3
Bxf3 9. Qxf3 e6 10. g4 Ne8 11. h4 Qd7 12. h5 dxc4 13. Bxc4 Nd6 14. Bd3 Qe7 15.
Kf2 Nd7 16. Bd2 Rfc8 17. Rag1 Nf6 18. e4 Nd7 19. e5 Ne8 20. f5 f6 21. g5 exf5
22. gxf6 Nexf6 23. exf6 Bxf6 24. hxg6 Bxd4+ 25. Be3 Ne5 26. gxh7+ Kf7 27. Qxf5+
1-0

[Event "DEM U18w 2005"]
[Site "Willingen GER"]
[Date "2005.05.19"]
[Round "7"]
[White "Kohl, Annette"]
[Black "Dubel, Natali"]
[Result "0-1"]
[Termination "normal"]
[Board "13"]
[WhiteElo "1567"]
[BlackElo "1400"]
[PlyCount "64"]
[BlackFideId "24642185"]
[EventCountry "GER"]
[EventRounds "9"]
[EventType "swiss"]
[EventDate "2005.05.15"]

1. e4 d6 2. d4 Nf6 3. Nc3 g6 4. f4 Bg7 5. Nf3 O-O 6. Be3 b6 7. Qe2 Bb7 8. e5
Nd5 9. Nxd5 Bxd5 10. O-O-O Bb7 11. h4 h5 12. Ng5 Qc8 13. Rg1 f6 14. exf6 exf6
15. Nh3 f5 16. d5 Re8 17. Qd2 Nd7 18. Ng5 Bf6 19. Nf3 Nc5 20. Bxc5 bxc5 21. c4
Qd7 22. g3 Qa4 23. Kb1 Rab8 24. Qc2 Qb4 25. g4 hxg4 26. Nd2 Bc8 27. Nb3 a5 28.
Rd2 a4 29. Nc1 Re1 30. Rh1 Bd7 31. Rdh2 Qa3 32. b3 axb3 0-1

[Event "DEM U18w 2005"]
[Site "Willingen GER"]
[Date "2005.05.19"]
[Round "7"]
[White "Janiesch, Maike"]
[Black "Hammerich, Nadine"]
[Result "1-0"]
[Termination "normal"]
[Board "14"]
[WhiteElo "1499"]
[BlackElo "1543"]
[PlyCount "85"]
[EventCountry "GER"]
[EventRounds "9"]
[EventType "swiss"]
[EventDate "2005.05.15"]

1. d4 g6 2. c4 Bg7 3. Nc3 f5 4. Nf3 d6 5. e4 Nf6 6. Bd3 fxe4 7. Nxe4 O-O 8. h3
Nc6 9. O-O Bf5 10. Nxf6+ Rxf6 11. b3 Rf7 12. Bb2 Qd7 13. Re1 Raf8 14. Ng5 Rf6
15. d5 Ne5 16. Bxe5 dxe5 17. f3 Bxd3 18. Qxd3 Rd6 19. Qe2 e4 20. Nxe4 Bxa1 21.
Rxa1 Ra6 22. Nc5 Qd6 23. Nxa6 bxa6 24. Re1 Qb6+ 25. Kh1 Rf7 26. Qe6 Qa5 27. Re2
Qa3 28. Qc8+ Kg7 29. Qxc7 Qc1+ 30. Kh2 Qa3 31. Qxa7 Qd6+ 32. Kg1 Kg8 33. Qa8+
Kg7 34. Qc6 Qa3 35. Kf2 Qa5 36. Qa4 Qb6+ 37. Kf1 Qd4 38. Qa5 Qd1+ 39. Qe1 Qd4
40. Rxe7 Qd3+ 41. Kg1 Qd4+ 42. Kh1 Qb2 43. Qe5+ 1-0

[Event "DEM U18w 2005"]
[Site "Willingen GER"]
[Date "2005.05.20"]
[Round "8"]
[White "Busse, Nadine"]
[Black "Dietzen, Corinna"]
[Result "0-1"]
[Termination "normal"]
[Board "1"]
[WhiteElo "1710"]
[BlackElo "1895"]
[PlyCount "118"]
[WhiteFideId "24632023"]
[BlackFideId "24621021"]
[EventCountry "GER"]
[EventRounds "9"]
[EventType "swiss"]
[EventDate "2005.05.15"]

1. e4 c5 2. Nf3 e6 3. d4 cxd4 4. Nxd4 a6 5. Nc3 Qc7 6. g3 Nc6 7. Nde2 Nf6 8.
Bg2 b5 9. O-O Bb7 10. Nf4 Ne5 11. Re1 Bb4 12. Bd2 Bc5 13. Nd3 Nxd3 14. cxd3 e5
15. Bg5 Qb6 16. Rf1 O-O 17. Qf3 h6 18. Be3 Rac8 19. Rac1 Rc7 20. Nd1 Rfc8 21.
Bxc5 Rxc5 22. Rxc5 Rxc5 23. Ne3 g6 24. Qe2 Rc7 25. Kh1 Qe6 26. f4 exf4 27. Rxf4
d5 28. Qf1 Kg7 29. Nxd5 Nxd5 30. exd5 Bxd5 31. a3 Rc2 32. Rf2 Bxg2+ 33. Kxg2
Qd5+ 34. Kg1 Rxf2 35. Kxf2 Qd4+ 36. Kf3 Qxb2 37. Qg1 Qxa3 38. Qd4+ Kh7 39. Qd7
Qb3 40. h4 h5 41. Kf4 Qe6 42. Qb7 Qg4+ 43. Ke5 Qxg3+ 44. Kf6 Qf4+ 45. Ke7 Qe5+
46. Kf8 Qf6 47. Qa7 Qd8+ 48. Kxf7 a5 49. Ke6+ Kh8 50. d4 b4 51. d5 b3 52. Qd4+
Kg8 53. d6 Qe8+ 54. Kf6 Qf7+ 55. Kg5 Kh7 56. Qd3 b2 57. d7 b1=Q 58. Qxb1 Qe7+
59. Kf4 Qxh4+ 0-1

[Event "DEM U18w 2005"]
[Site "Willingen GER"]
[Date "2005.05.20"]
[Round "8"]
[White "Gussakovski, Jana"]
[Black "Krege, Sandra"]
[Result "1-0"]
[Termination "normal"]
[Board "3"]
[WhiteElo "2080"]
[BlackElo "1988"]
[PlyCount "84"]
[WhiteFideId "14112868"]
[BlackFideId "4680910"]
[EventCountry "GER"]
[EventRounds "9"]
[EventType "swiss"]
[EventDate "2005.05.15"]

1. e4 c5 2. Nf3 d6 3. c3 Nf6 4. Be2 Nc6 5. d4 cxd4 6. cxd4 Nxe4 7. d5 Qa5+ 8.
Nc3 Nxc3 9. bxc3 Ne5 10. Nxe5 dxe5 11. Rb1 a6 12. O-O g6 13. Be3 Bg7 14. d6 Qd8
15. Bc5 e6 16. Bf3 Qd7 17. Rb6 Bf6 18. Qe2 Bd8 19. Rb2 f6 20. Rfb1 Rb8 21. Rb6
Bxb6 22. Rxb6 Ra8 23. Qc4 O-O 24. Qb4 Rf7 25. a4 h6 26. Be3 f5 27. c4 e4 28.
Be2 Kh7 29. Qe1 Qe8 30. c5 Ra7 31. Bc4 Bd7 32. a5 Bc8 33. Qc3 Rd7 34. Qd4 Rf7
35. Bb3 Bd7 36. Qe5 g5 37. h3 Kg6 38. Bc4 Bc8 39. d7 Qxd7 40. Rxe6+ Kh5 41. g4+
fxg4 42. hxg4+ Kh4 1-0